"Los caballeros las prefieren rubias" (Record no. 92949)

MARC details
000 -LEADER
campo de control de longitud fija 00664nam a2200193 i 4500
001 - NÚMERO DE CONTROL
campo de control 92949
003 - IDENTIFICADOR DE NÚMERO DE CONTROL
campo de control ES-MaACL
005 - FECHA Y HORA DE LA ÚLTIMA TRANSACCIÓN
campo de control 20230906181107.0
007 - CAMPO FIJO DE DESCRIPCIÓN FÍSICA--INFORMACIÓN GENERAL
campo de control de longitud fija t|
008 - DATOS DE LONGITUD FIJA--INFORMACIÓN GENERAL
campo de control de longitud fija 050401s1927 sp |||| | spa d
100 1# - ENTRADA PRINCIPAL--NOMBRE DE PERSONA
Nombre de persona Loos, Anita.
9 (RLIN) 73269
245 15 - MENCIÓN DEL TÍTULO
Título "Los caballeros las prefieren rubias"
Resto del título : diario revelador de una señorita profesional /
Mención de responsabilidad, etc. Anita Loos ; traducción y prólogo de Ricardo Baeza.
260 ## - PUBLICACIÓN, DISTRIBUCIÓN, ETC.
Lugar de publicación, distribución, etc. Madrid :
Nombre del editor, distribuidor, etc. Publicaciones "Atenea",
Fecha de publicación, distribución, etc. 1927.
300 ## - DESCRIPCIÓN FÍSICA
Extensión 236 p. ;
Dimensiones 17 cm.
594 ## - Nota al título y mención de responsabilidad
Nota al título y mención de responsabilidad Continuada por: Pero se casan con las morenas.
700 1# - ENTRADA AGREGADA--NOMBRE PERSONAL
Nombre de persona Baeza, Ricardo,
Fechas asociadas al nombre 1890-1956
9 (RLIN) 24620
852 ## - LOCALIZACIÓN
Ubicación ES-MaACL
Número de control de estantería F-3319
Holdings
Estatus retirado Estado de pérdida Estado de daño No para préstamo Biblioteca de origen Biblioteca actual Ubicación en estantería Fecha de adquisición Fuente de adquisición Total de préstamos Signatura topográfica completa Código de barras Visto por última vez Precio de reemplazo Tipo de ítem Koha
        Biblioteca del Ateneo de Madrid Biblioteca del Ateneo de Madrid Depósito 2 17/01/2008     F-3319 1097032 23/02/2023 23/02/2023 Libro impreso